Landen in welk continent - Statistieken

Algemene statistieken
  • Deze quiz is 44 keer genomen
  • De gemiddelde score is 13 van 15
Antwoordstatistieken
Vraag Antwoord % Correct
Togo Afrika
100%
Tsjaad Afrika
100%
Verenigde Arabische Emiraten Azië
100%
België Europa
100%
Noord-Macedonië Europa
100%
Uruguay Zuid-Amerika
100%
Chili Zuid-Amerika
100%
Brunei Azië
86%
Kirgizië Azië
86%
Bahrein Azië
86%
Albanië Europa
86%
Suriname Zuid-Amerika
86%
Honduras Noord-Amerika
71%
Tonga Oceanië
71%
Samao Oceanië
71%
Geen overeenkomende quizzen gevonden
Scoreverdeling
Procent van Mensen met Elke Score
Percentiel versus Aantal Correcte Antwoorden
Uw Scoregeschiedenis
U heeft deze quiz nog niet genomen